| 000 | 00935nam a22002417a 4500 | ||
|---|---|---|---|
| 005 | 20250108113655.0 | ||
| 007 | cr |||aaa||||| | ||
| 008 | 250108s2024 mx|a|||ao|||| 00| 0 spa d | ||
| 040 |
_aMX-MxUPN _bspa _cMX-MxUPN _eaacr2 |
||
| 041 | _aspa | ||
| 050 | 0 | 4 | _aLB1027.43 |
| 245 | 0 | 0 |
_aProyectos integradores : _bpreescolar _h[recurso electrónico en línea] |
| 260 |
_aMéxico : _bComisión Nacional para la Mejora Continua de la Educación, _c2024. |
||
| 300 |
_a1 recurso en línea (51 páginas) : _bilustraciones, PDF |
||
| 490 | 0 |
_a¡Aprendamos en comunidad! ; _v8 |
|
| 506 | 0 | _aAcceso abierto | |
| 650 | 4 |
_aAprendizaje basado en proyectos _927842 |
|
| 650 | 4 |
_aMétodo de proyectos en la enseñanza _94050 |
|
| 650 | 2 |
_aEducación preescolar _xPlanificación _94874 |
|
| 856 | 4 | 0 | _uhttps://www.mejoredu.gob.mx/images/publicaciones/fasciculo8_aprendamos-comunidad.pdf |
| 902 | _bMaríaRobles/080125 | ||
| 942 |
_2lcc _cLIBRO-E |
||
| 999 |
_c212445 _d212445 |
||